[Event "23rd Dubai Open 2023"]
[Site "Dubai UAE"]
[Date "2023.05.27"]
[Round "1.1"]
[White "Yu, Yangyi"]
[Black "Chernobay, Artem"]
[Result "1-0"]
[WhiteTitle "GM"]
[BlackTitle "GM"]
[WhiteElo "2729"]
[BlackElo "2484"]
[WhiteFideId "8603820"]
[BlackFideId "4167406"]
[EventDate "2023.05.27"]

1. Nf3 Nf6 2. g3 g6 3. Bg2 Bg7 4. d4 O-O 5. O-O d6 6. a4 a5 7. Nc3 Nbd7 8. e4 e5
9. Re1 Re8 10. h3 c6 11. Be3 exd4 12. Bxd4 Qc7 13. Nd2 b6 14. Nc4 Re6 15. f4 Ba6
16. Ne3 Nc5 17. g4 h6 18. h4 Ree8 19. g5 Nh5 20. Bxg7 Kxg7 21. f5 hxg5 22. hxg5
d5 23. exd5 Qg3 24. Qf3 Qxg5 25. dxc6 Nf4 26. Ned5 Nxg2 27. f6+ Kf8 28. Qxg2 Qh4
29. Qf2 Qg4+ 30. Kh2 Qh5+ 31. Kg2 Bc4 32. Nxb6 Ne6 33. Re4 Qg5+ 34. Kh2 1-0

[Event "23rd Dubai Open 2023"]
[Site "Dubai UAE"]
[Date "2023.05.27"]
[Round "1.2"]
[White "Mosadeghpour, Masoud"]
[Black "Niemann, Hans Moke"]
[Result "0-1"]
[WhiteTitle "GM"]
[BlackTitle "GM"]
[WhiteElo "2479"]
[BlackElo "2708"]
[WhiteFideId "12519278"]
[BlackFideId "2093596"]
[EventDate "2023.05.27"]

1. e4 c5 2. Nf3 d6 3. d4 cxd4 4. Nxd4 Nf6 5. Nc3 a6 6. Nb3 e6 7. g4 b5 8. Bg2
Bb7 9. g5 b4 10. gxf6 bxc3 11. Qd4 gxf6 12. Qxc3 Nc6 13. Bf4 Rg8 14. Bg3 Rc8 15.
O-O-O Qb6 16. Kb1 a5 17. a4 Nb4 18. Qe3 Qxe3 19. fxe3 Rg5 20. c3 Na6 21. Rhf1
Bc6 22. Rd4 Be7 23. Bf3 e5 24. Rc4 Nc5 25. Nxa5 Bxa4 26. Rb4 Ra8 27. Nc4 Nd7 28.
Nb6 Nxb6 29. Rxb6 Kd7 30. Rb7+ Kd8 31. Bd1 Bc6 32. Rb4 Kc7 33. Bb3 Rb8 34. Bd5
Bxd5 35. exd5 Rxb4 36. cxb4 Rg4 37. Be1 Kb6 38. Ka2 Kb5 39. Kb3 Rg2 40. Bc3 Bd8
41. Ra1 Bb6 42. Rf1 Bd8 43. Ra1 Rxh2 44. Ra7 h5 45. Rb7+ Bb6 46. Rxf7 Rf2 47.
Rh7 Bxe3 48. Rxh5 f5 49. Rh8 f4 50. Rd8 f3 51. Rxd6 Rf1 52. Bxe5 Rg1 53. Rd7 f2 0-1

[Event "23rd Dubai Open 2023"]
[Site "Dubai UAE"]
[Date "2023.05.27"]
[Round "1.4"]
[White "Erdogmus, Yagiz Kaan"]
[Black "Salem, A.R. Saleh"]
[Result "1/2-1/2"]
[WhiteTitle "IM"]
[BlackTitle "GM"]
[WhiteElo "2470"]
[BlackElo "2677"]
[WhiteFideId "44599790"]
[BlackFideId "9301348"]
[EventDate "2023.05.27"]

1. e4 e6 2. d4 d5 3. Nd2 c5 4. Ngf3 cxd4 5. Nxd4 Nc6 6. Bb5 Bd7 7. Nxc6 bxc6 8.
Bd3 Bd6 9. Qe2 e5 10. O-O Qe7 11. Re1 Nf6 12. exd5 cxd5 13. c4 O-O 14. cxd5 Nxd5
15. Nc4 Rad8 16. Nxd6 Qxd6 17. Bg5 Nf4 18. Bxf4 exf4 19. Rad1 Qf6 20. Qe5 Qxe5
21. Rxe5 Be6 22. b3 g6 23. Ree1 Kg7 24. f3 Kf6 25. Kf2 Rd5 26. Bc4 Ra5 27. b4
Ra4 28. Rd6 Re8 29. Rd4 g5 30. Bb3 Ra3 31. h4 1/2-1/2

[Event "23rd Dubai Open 2023"]
[Site "Dubai UAE"]
[Date "2023.05.27"]
[Round "1.5"]
[White "Tabatabaei, M. Amin"]
[Black "Rios, Cristhian Camilo"]
[Result "1-0"]
[WhiteTitle "GM"]
[BlackTitle "GM"]
[WhiteElo "2677"]
[BlackElo "2469"]
[WhiteFideId "12521213"]
[BlackFideId "4403940"]
[EventDate "2023.05.27"]

1. e4 c5 2. Nf3 Nc6 3. Bb5 e5 4. O-O Bd6 5. d3 Nf6 6. Bg5 O-O 7. Nc3 a6 8. Bc4
Be7 9. Bxf6 Bxf6 10. a4 d6 11. Nd5 Rb8 12. c3 Be6 13. Qd2 g6 14. h3 Bg7 15. Qg5
f6 16. Qg3 Ne7 17. Nxe7+ Qxe7 18. h4 f5 19. h5 Bxc4 20. dxc4 gxh5 21. Rfe1 fxe4
22. Nd2 b5 23. axb5 axb5 24. b3 bxc4 25. bxc4 h4 26. Qh3 Rf6 27. Nxe4 Rg6 28.
Ra6 Rf8 29. Qd3 h3 30. Qxh3 Rf4 31. Qd3 Bf8 32. g3 Rf7 33. Qd5 Kg7 34. Rd1 Qd7
35. Nxc5 Qg4 36. Ne4 Rh6 37. Nxd6 Rxf2 38. Ne8+ Kh8 39. Qxe5+ Bg7 40. Qxg7+ Qxg7
41. Nxg7 Rg6 42. Rb6 Rxb6 43. Kxf2 Ra6 44. Ke3 Kxg7 45. c5 Rg6 46. Kd4 Rxg3 47.
Re1 Kf7 48. c6 h5 49. Kc5 Rg8 1-0

[Event "23rd Dubai Open 2023"]
[Site "Dubai UAE"]
[Date "2023.05.27"]
[Round "1.6"]
[White "Batchuluun, Tsegmed"]
[Black "Matlakov, Maxim"]
[Result "0-1"]
[WhiteTitle "GM"]
[BlackTitle "GM"]
[WhiteElo "2466"]
[BlackElo "2662"]
[WhiteFideId "4900847"]
[BlackFideId "4168003"]
[EventDate "2023.05.27"]

1. d4 Nf6 2. c4 e6 3. Nf3 d5 4. g3 Bb4+ 5. Bd2 Be7 6. Bg2 c6 7. Qc2 Nbd7 8. O-O
Ne4 9. Nc3 f5 10. Rad1 Nxd2 11. Nxd2 O-O 12. e3 Bd6 13. c5 Bc7 14. f4 g5 15. Nf3
gxf4 16. gxf4 Kh8 17. Ne5 Bxe5 18. fxe5 b6 19. cxb6 axb6 20. Rf3 Ba6 21. Kh1 Rg8
22. Qf2 Qe7 23. Rg1 Bd3 24. Rg3 Rxg3 25. Qxg3 Rg8 26. Qf2 b5 27. Bf3 Rxg1+ 28.
Qxg1 b4 29. Ne2 Bxe2 30. Bxe2 c5 31. Bb5 Nf8 32. b3 Ng6 33. Qg3 Kg7 34. Be2 cxd4
35. exd4 Qa7 36. Qg5 Qxd4 37. Bh5 Qa1+ 38. Kg2 Qxa2+ 39. Kf1 Qa1+ 40. Kg2 Qb2+
41. Kf1 Qb1+ 42. Kf2 Qc2+ 43. Kf1 Qd3+ 44. Ke1 Qc3+ 45. Kf2 Qd4+ 46. Kf3 Qe4+
47. Kf2 Qf4+ 0-1

[Event "23rd Dubai Open 2023"]
[Site "Dubai UAE"]
[Date "2023.05.27"]
[Round "1.7"]
[White "Sindarov, Javokhir"]
[Black "Chanda, Sandipan"]
[Result "1-0"]
[WhiteTitle "GM"]
[BlackTitle "GM"]
[WhiteElo "2661"]
[BlackElo "2460"]
[WhiteFideId "14205483"]
[BlackFideId "5004225"]
[EventDate "2023.05.27"]

1. e4 e5 2. Nf3 Nc6 3. Bc4 Na5 4. Nxe5 Nxc4 5. Nxc4 d5 6. exd5 Qxd5 7. Ne3 Qc6
8. d4 Bd7 9. c4 O-O-O 10. Nc3 Qg6 11. O-O h5 12. Qc2 Qxc2 13. Nxc2 Bf5 14. Ne3
Bh7 15. Rd1 Nf6 16. b3 Rg8 17. Bb2 Ng4 18. Ncd5 Nxe3 19. Nxe3 g5 20. Bc3 Bg7 21.
Rac1 g4 22. d5 Bh6 23. Bd4 h4 24. Bf6 Rde8 25. Bxh4 Rxe3 26. fxe3 Bxe3+ 27. Kf1
Bxc1 28. Rxc1 Re8 29. Kf2 Be4 30. Rd1 f5 31. Bg5 Rg8 32. Bf4 Rh8 33. Rd2 Kd7 34.
Kg3 Re8 35. Bg5 Rg8 36. Bf6 Rg6 37. Be5 a5 38. Kf4 a4 39. b4 a3 40. b5 b6 41.
Ke3 Rg8 42. Kd4 Re8 43. g3 Bb1 44. Bf4 Re1 45. Kc3 Rc1+ 46. Kb3 Be4 47. Be5 Bf3
48. Kb4 Be4 49. Bf4 Bf3 50. Rf2 Re1 51. Kxa3 Re2 52. Rxe2 Bxe2 53. Kb4 Kc8 54.
d6 cxd6 55. Bxd6 Kb7 56. a4 Bd3 57. c5 bxc5+ 58. Bxc5 Kc7 59. a5 1-0

[Event "23rd Dubai Open 2023"]
[Site "Dubai UAE"]
[Date "2023.05.27"]
[Round "1.8"]
[White "Ohanyan, Emin"]
[Black "Iturrizaga Bonelli, Eduardo"]
[Result "1/2-1/2"]
[WhiteTitle "IM"]
[BlackTitle "GM"]
[WhiteElo "2444"]
[BlackElo "2637"]
[WhiteFideId "13312022"]
[BlackFideId "3901211"]
[EventDate "2023.05.27"]

1. d4 Nf6 2. c4 e6 3. Nf3 d5 4. Nc3 dxc4 5. e4 b5 6. e5 Nd5 7. Nxb5 Nb6 8. a4 a6
9. Nc3 a5 10. Be2 Bb7 11. O-O Nc6 12. Be3 Be7 13. Nb5 Ba6 14. Nd2 Bxb5 15. axb5
Nxd4 16. Nxc4 Nxc4 17. Bxd4 Nb6 18. Bf3 Nd5 19. Bc3 Qd7 20. Bxd5 exd5 21. e6
fxe6 22. Bxg7 Rg8 23. Qh5+ Kd8 24. Qxh7 Re8 25. Rfc1 Qxb5 26. Be5 c5 27. f4 c4
28. Kh1 a4 29. f5 exf5 30. b3 Qd7 31. Qg6 Bc5 32. Bf6+ Kc7 33. bxc4 d4 34. Bg5
Qe6 35. Qh7+ Kc6 36. Rab1 Ra7 37. Qh3 f4 38. Qh5 a3 39. Bxf4 a2 40. Ra1 Qe4 41.
Bg3 Ra3 42. Re1 Re3 43. Rxe3 dxe3 44. Qd5+ Qxd5 45. cxd5+ Kxd5 46. Rxa2 e2 47.
h4 e1=Q+ 48. Bxe1 Rxe1+ 49. Kh2 Bd6+ 50. Kh3 Re3+ 51. Kg4 Ke6 52. h5 Re4+ 53.
Kh3 Kf5 54. g4+ Kg5 55. Kg2 Kxg4 56. h6 Re7 57. Rf2 Bf4 58. h7 Rxh7 59. Re2 Rh2+
60. Kf1 Rh3 61. Kf2 Rf3+ 62. Kg2 Be3 63. Kh2 Kf4 64. Rg2 Rf1 65. Rg8 Rd1 66. Rg7
Bd4 67. Rg2 Ra1 68. Rg8 Ra6 69. Kh3 Ra3+ 70. Kg2 Ra2+ 71. Kh3 Be5 72. Rg4+ Kf5
73. Rg5+ Ke4 74. Rg2 Ra8 75. Kg4 Bf4 76. Re2+ Be3 77. Rg2 Rf8 78. Rg3 Bf2 79.
Rg2 Rf7 80. Kh3 Rh7+ 81. Kg4 Be3 82. Rg3 Rf7 83. Rg2 Bf2 84. Kh3 Kf3 85. Rg3+
Ke2 86. Rg6 Rf4 87. Rg4 Rf3+ 88. Kg2 Be3 89. Rg3 Rf8 90. Rg4 Rf1 91. Rg3 Bf4 92.
Rg6 Ra1 93. Rg8 Be5 94. Rg5 Bd4 95. Rg4 Ke3 96. Rg8 Ra2+ 97. Kh3 Be5 98. Rg2 Ra4
99. Rg4 Bf4 100. Rg6 Be5 101. Rg4 Ra8 102. Rg2 Kf3 103. Rg3+ Kf4 104. Rg1 Ra3+
105. Kg2 Ra2+ 106. Kh3 Kf5 107. Rg5+ Kxg5 1/2-1/2

[Event "23rd Dubai Open 2023"]
[Site "Dubai UAE"]
[Date "2023.05.27"]
[Round "1.9"]
[White "Aravindh, Chithambaram VR."]
[Black "Panda, Sambit"]
[Result "1-0"]
[WhiteTitle "GM"]
[BlackTitle "IM"]
[WhiteElo "2633"]
[BlackElo "2436"]
[WhiteFideId "5072786"]
[BlackFideId "25091794"]
[EventDate "2023.05.27"]

1. d4 Nf6 2. Nf3 d5 3. c4 e6 4. g3 h6 5. Bg2 Bd6 6. O-O O-O 7. Nc3 Nc6 8. b3 Re8
9. Rb1 b6 10. a3 Rb8 11. Re1 dxc4 12. bxc4 e5 13. c5 exd4 14. Nxd4 Nxd4 15. cxd6
Qxd6 16. Be3 Nf5 17. Bf4 Qxd1 18. Rbxd1 Bb7 19. e4 g5 20. Bc1 Ne7 21. f4 gxf4
22. Bxf4 Ng6 23. Bxh6 Ng4 24. Bg5 f6 25. Bc1 N4e5 26. Rf1 Kg7 27. h4 Ba6 28. Rf5
Ne7 29. Rf2 Nd3 30. Rc2 Nxc1 31. Rcxc1 Rbd8 32. Kf2 c5 33. Bh3 Ng6 34. Ke3 Ne5
35. Nd5 Bb7 36. Nc7 Ng4+ 37. Bxg4 Rxe4+ 38. Kf2 Rxd1 39. Bxd1 Re7 40. Nb5 a6 41.
Nd6 Kf8 42. Nxb7 Rxb7 43. Be2 Rc7 44. a4 1-0

[Event "23rd Dubai Open 2023"]
[Site "Dubai UAE"]
[Date "2023.05.27"]
[Round "1.10"]
[White "Zou, Chen"]
[Black "Gupta, Abhijeet"]
[Result "0-1"]
[WhiteTitle "IM"]
[BlackTitle "GM"]
[WhiteElo "2413"]
[BlackElo "2630"]
[WhiteFideId "8610959"]
[BlackFideId "5010608"]
[EventDate "2023.05.27"]

1. e4 c5 2. Nf3 d6 3. Bb5+ Nd7 4. O-O a6 5. Bd3 Ngf6 6. c3 b5 7. Bc2 Bb7 8. Re1
c4 9. a4 e6 10. axb5 axb5 11. Rxa8 Qxa8 12. Na3 Be7 13. Nxb5 O-O 14. Na3 Rc8 15.
Qe2 Ba6 16. d4 cxd3 17. Bxd3 Bxd3 18. Qxd3 Nc5 19. Qe2 Ncxe4 20. Nc4 Qb7 21. Ng5
d5 22. Ne5 Bc5 23. Nxe4 Nxe4 24. Nd3 h6 25. Be3 Bxe3 26. Qxe3 Ra8 27. h3 Nd6 28.
b4 Ra3 29. Nc5 Qa8 30. Nxe6 fxe6 31. Qxe6+ Nf7 32. Qd7 Ra1 33. Rxa1 Qxa1+ 34.
Kh2 Qa8 35. g3 Qd8 36. Qc6 Kh8 37. b5 Ne5 38. Qc5 Nc4 39. Kg2 Kh7 40. h4 Qd6 41.
Qd4 Qe6 42. h5 Kg8 43. g4 Qd7 44. b6 Qc6 45. f4 Nxb6 46. g5 Qe6 47. Kf2 Nc4 48.
gxh6 gxh6 49. Qc5 Qb6 50. Qxb6 Nxb6 51. Ke3 Kf7 52. Kd4 Ke6 53. Kc5 Nd7+ 54. Kd4
Nf6 0-1

[Event "23rd Dubai Open 2023"]
[Site "Dubai UAE"]
[Date "2023.05.27"]
[Round "1.11"]
[White "Sargsyan, Shant"]
[Black "Hesham, Abdelrahman"]
[Result "1-0"]
[WhiteTitle "GM"]
[BlackTitle "GM"]
[WhiteElo "2630"]
[BlackElo "2409"]
[WhiteFideId "13306766"]
[BlackFideId "10600183"]
[EventDate "2023.05.27"]

1. c4 Nf6 2. Nc3 g6 3. e4 d6 4. d4 Bg7 5. Nf3 O-O 6. Be2 e5 7. O-O Nc6 8. d5 Ne7
9. b4 a5 10. bxa5 Rxa5 11. a4 Ra8 12. Ra3 Ne8 13. Ne1 f5 14. exf5 Nxf5 15. Ne4
Nf6 16. Bg5 Qe8 17. Bd3 Nd4 18. Bxf6 Bxf6 19. a5 Bd8 20. Nc2 Nf5 21. Qd2 c5 22.
Be2 Ra6 23. Bg4 Rf7 24. Rb1 Qe7 25. Rb5 Rg7 26. Rab3 h5 27. Bh3 Ra7 28. Ne3 Qc7
29. Rb1 Qe7 30. Ng3 Qf7 31. Qd3 Ne7 32. a6 b6 33. Bxc8 Nxc8 34. Ra1 Qf4 35. Ne4
Raf7 36. Rb2 g5 37. f3 Rd7 38. Ng3 e4 39. Nxe4 g4 40. Rf1 gxf3 41. Rxf3 Qxf3 42.
Rf2 Qh3 43. Kh1 Qh4 44. Nf5 Qxf2 45. Nxf2 Rg6 46. Qe2 Ne7 47. Qxh5 Kf7 48. Nh4 1-0

[Event "23rd Dubai Open 2023"]
[Site "Dubai UAE"]
[Date "2023.05.27"]
[Round "1.12"]
[White "Bai, Adelard"]
[Black "Chigaev, Maksim"]
[Result "0-1"]
[WhiteTitle "FM"]
[BlackTitle "GM"]
[WhiteElo "2409"]
[BlackElo "2628"]
[WhiteFideId "16301188"]
[BlackFideId "4108116"]
[EventDate "2023.05.27"]

1. d4 Nf6 2. c4 e6 3. Nf3 b6 4. g3 Bb7 5. Bg2 Be7 6. O-O O-O 7. Re1 Na6 8. d5
exd5 9. Nh4 Ng4 10. Nf5 Bc5 11. e3 Nxf2 12. Kxf2 Qf6 13. Qf3 Nb4 14. Bd2 Nd3+
15. Kg1 d4 16. e4 Nxe1 17. Bxe1 Bxe4 18. Qxe4 Rae8 19. Nd2 d3+ 20. Kh1 Rxe4 21.
Bxe4 Re8 22. g4 Qxb2 23. Rb1 Qxb1 0-1

[Event "23rd Dubai Open 2023"]
[Site "Dubai UAE"]
[Date "2023.05.27"]
[Round "1.13"]
[White "Karthikeyan, Murali"]
[Black "Sibashvili, Giorgi"]
[Result "0-1"]
[WhiteTitle "GM"]
[BlackTitle "IM"]
[WhiteElo "2627"]
[BlackElo "2408"]
[WhiteFideId "5074452"]
[BlackFideId "13602799"]
[EventDate "2023.05.27"]

1. e4 c5 2. Nf3 e6 3. Nc3 Nc6 4. d4 cxd4 5. Nxd4 Nf6 6. Nxc6 bxc6 7. e5 Nd5 8.
Ne4 Bb7 9. Be2 c5 10. O-O Qc7 11. Nd6+ Bxd6 12. exd6 Qc6 13. f3 Qb6 14. Rf2 O-O
15. c4 Nb4 16. Be3 a5 17. f4 f5 18. Bf1 a4 19. Rd2 Be4 20. Qe2 Rfb8 21. Qf2 Ra5
22. h4 Nc6 23. Rad1 Nd4 24. h5 h6 25. Kh2 Qxd6 26. Bxd4 cxd4 27. Rxd4 Qc5 28.
Qg3 d5 29. cxd5 exd5 30. b3 axb3 31. axb3 Qc6 32. b4 Ra2 33. Qb3 Rf2 34. Qg3 Rb2
35. b5 Qe8 36. Qh3 Qc8 37. R1d2 Rxd2 38. Rxd2 Qc1 39. Rf2 Qe1 40. Qg3 Kh8 41.
Kg1 Rxb5 42. Qa3 Qb4 43. Qxb4 Rxb4 44. Ra2 d4 45. Kf2 Kg8 46. Be2 Kf7 47. Ra7+
Rb7 48. Ra4 Rd7 49. Bd1 Ke7 50. g3 Bc6 51. Ra5 Be4 52. Ra4 Kd8 53. Ke1 Kc7 54.
Rc4+ Kb6 55. Ba4 Ra7 56. Kd2 d3 57. Ke3 Ka5 58. Rd4 Rb7 59. Bd1 Re7 60. Kd2 Kb5
61. Bb3 Ra7 62. g4 Kc5 63. Rc4+ Kd6 64. g5 hxg5 65. Rd4+ Kc5 66. Rc4+ Kb5 67.
fxg5 Ra3 68. Rc3 Kb4 69. h6 gxh6 70. gxh6 Ra6 71. Bf7 Rxh6 72. Rc4+ Kb5 73. Rc8
Rh2+ 74. Ke3 Re2+ 75. Kd4 Rc2 76. Rb8+ Kc6 77. Bh5 Kd6 78. Rb6+ Ke7 79. Ra6 Rh2
80. Bd1 Rh1 81. Ra1 Kf6 82. Ke3 Kg5 83. Kd4 0-1

[Event "23rd Dubai Open 2023"]
[Site "Dubai UAE"]
[Date "2023.05.27"]
[Round "1.15"]
[White "Kovalev, Vladislav"]
[Black "Badelka, Olga"]
[Result "1-0"]
[WhiteTitle "GM"]
[BlackTitle "IM"]
[WhiteElo "2612"]
[BlackElo "2406"]
[WhiteFideId "13504398"]
[BlackFideId "13509926"]
[EventDate "2023.05.27"]

1. e4 c5 2. Nf3 e6 3. c3 d5 4. exd5 Qxd5 5. d4 Nf6 6. Na3 a6 7. Nc4 Nbd7 8. Be2
b5 9. Ne3 Qc6 10. a4 Bb7 11. axb5 axb5 12. Rxa8+ Bxa8 13. O-O Be7 14. dxc5 Qxc5
15. Nc2 e5 16. Be3 Qc6 17. Qa1 O-O 18. Qa5 Qe4 19. Rc1 Bc6 20. Nb4 Bxb4 21. Qxb4
Rb8 22. h3 h6 23. Qd6 Ne8 24. Qe7 Nef6 25. Qd6 Ne8 26. Qb4 Nef6 27. Ne1 Bd5 28.
Qd6 Bc4 29. Bf3 Qf5 30. Rd1 Qe6 31. Qxe6 fxe6 32. Nc2 e4 33. Bxe4 Nxe4 34. Rxd7
Nf6 35. Ra7 Rd8 36. Bd4 Rd7 37. Ra8+ Kf7 38. Rb8 e5 39. Bxe5 Rd1+ 40. Kh2 Rd2
41. Ne3 Rxf2 42. Nxc4 bxc4 43. Bd4 Rc2 44. Rb7+ Kg6 45. Kg3 h5 46. Kf3 Rd2 47.
g4 hxg4+ 48. hxg4 Rd3+ 49. Kf4 Rd2 50. g5 Nh5+ 51. Ke4 Kxg5 52. Be3+ 1-0

[Event "23rd Dubai Open 2023"]
[Site "Dubai UAE"]
[Date "2023.05.27"]
[Round "1.16"]
[White "Buksa, Nataliya"]
[Black "Vakhidov, Jakhongir"]
[Result "1-0"]
[WhiteTitle "IM"]
[BlackTitle "GM"]
[WhiteElo "2406"]
[BlackElo "2607"]
[WhiteFideId "14123622"]
[BlackFideId "14201801"]
[EventDate "2023.05.27"]

1. e4 d5 2. exd5 Qxd5 3. Nc3 Qd6 4. d4 Nf6 5. Nf3 g6 6. Nb5 Qd8 7. Bf4 Nd5 8.
Be5 f6 9. Bg3 c6 10. Na3 Bh6 11. c3 Be6 12. Bc4 Nd7 13. Qe2 Bf7 14. O-O O-O 15.
Nc2 Re8 16. a4 e6 17. Nce1 e5 18. dxe5 fxe5 19. Nxe5 Nxe5 20. Bxe5 g5 21. Nd3
Bg6 22. f4 gxf4 23. Rae1 Qd7 24. Qf3 Bxd3 25. Qxd3 Re6 26. Bd4 Rg6 27. Qf3 b6
28. Re5 Rd8 29. Rfe1 Bg5 30. Bd3 Bf6 31. Bxg6 Bxe5 32. Bxh7+ Qxh7 33. Bxe5 Qf5
34. Bd4 c5 35. Bf2 Kf7 36. g4 Qd7 37. Rd1 c4 38. Bh4 Rg8 39. h3 1-0

[Event "23rd Dubai Open 2023"]
[Site "Dubai UAE"]
[Date "2023.05.27"]
[Round "1.17"]
[White "Murzin, Volodar"]
[Black "Anuj, Shrivatri"]
[Result "1-0"]
[WhiteTitle "GM"]
[BlackTitle "IM"]
[WhiteElo "2604"]
[BlackElo "2404"]
[WhiteFideId "44155573"]
[BlackFideId "35070924"]
[EventDate "2023.05.27"]

1. Nf3 d5 2. g3 g6 3. Bg2 Bg7 4. O-O e5 5. d3 Nc6 6. e4 dxe4 7. dxe4 Qxd1 8.
Rxd1 Bg4 9. Be3 Nd4 10. Bxd4 exd4 11. Nbd2 Ne7 12. h3 Bxf3 13. Nxf3 Nc6 14. Ne1
O-O-O 15. f4 Na5 16. Bf1 Rhe8 17. Bd3 c5 18. b3 b5 19. e5 c4 20. bxc4 bxc4 21.
Be4 f6 22. Rab1 fxe5 23. Rb5 exf4 24. Rc5+ Kd7 25. Rxa5 Rxe4 26. Rxa7+ Kc6 27.
Rxg7 fxg3 28. Rxh7 Rf8 29. Rh6 Rf6 30. h4 Kc5 31. h5 Rfe6 32. Nf3 Rf4 33. Rxg6
Re2 34. Nxd4 1-0

[Event "23rd Dubai Open 2023"]
[Site "Dubai UAE"]
[Date "2023.05.27"]
[Round "1.18"]
[White "Injac, Teodora"]
[Black "Harsha, Bharathakoti"]
[Result "0-1"]
[WhiteTitle "IM"]
[BlackTitle "GM"]
[WhiteElo "2402"]
[BlackElo "2602"]
[WhiteFideId "932400"]
[BlackFideId "5078776"]
[EventDate "2023.05.27"]

1. d4 Nf6 2. Nf3 d5 3. c4 e6 4. g3 Be7 5. Bg2 O-O 6. O-O a5 7. Nc3 c6 8. b3 b6
9. Bb2 Ba6 10. Nd2 b5 11. c5 b4 12. Na4 Nbd7 13. Re1 Qc7 14. a3 Bb5 15. axb4
axb4 16. e4 dxe4 17. Nxe4 Nxe4 18. Bxe4 Rfd8 19. Qc2 h6 20. Bf3 Rab8 21. h4 Bf6
22. Rad1 e5 23. d5 cxd5 24. Bxd5 Bxa4 25. bxa4 Nxc5 26. Qc4 Rdc8 27. a5 Na4 28.
Qxc7 Rxc7 29. Rc1 Ra7 30. Bxe5 Bxe5 31. Rxe5 b3 32. Bxb3 Rxb3 33. Rc8+ Kh7 34.
Rc4 Nb2 35. Rc6 Ra3 36. Rb5 Nd3 37. Rd6 Ra1+ 38. Kg2 Ne1+ 39. Kf1 Nc2+ 0-1

[Event "23rd Dubai Open 2023"]
[Site "Dubai UAE"]
[Date "2023.05.27"]
[Round "1.19"]
[White "Sanal, Vahap"]
[Black "Al Qudaimi, Basheer"]
[Result "1-0"]
[WhiteTitle "GM"]
[BlackTitle "IM"]
[WhiteElo "2600"]
[BlackElo "2401"]
[WhiteFideId "6300545"]
[BlackFideId "9400346"]
[EventDate "2023.05.27"]

1. e4 e5 2. Nf3 Nc6 3. Bb5 a6 4. Ba4 Nf6 5. O-O Be7 6. Re1 b5 7. Bb3 d6 8. c3
O-O 9. h3 Nb8 10. d4 Nbd7 11. Nbd2 h6 12. Nf1 Bb7 13. Ng3 Re8 14. Bc2 Bf8 15. b3
c6 16. Be3 Qc7 17. c4 exd4 18. Bxd4 Ne5 19. Nd2 c5 20. Bc3 g6 21. Ndf1 Bg7 22.
Ne3 Nc6 23. Nd5 Nxd5 24. Bxg7 Kxg7 25. cxd5 Nd4 26. Bd3 b4 27. Ne2 Nxe2+ 28.
Qxe2 Qe7 29. a3 Qf6 30. axb4 cxb4 31. Bc4 a5 32. Qd3 Re7 33. Ra2 Bc8 34. Bb5 Qe5
35. Rc2 f5 36. Rc4 Bb7 37. f4 Qxf4 38. e5 Qg5 39. h4 Qh5 40. e6 Rf8 41. Rf4 Kh7
42. Ref1 Rc8 43. Bc4 Kg8 44. Qe3 Rxc4 45. bxc4 a4 46. Qe1 1-0

[Event "23rd Dubai Open 2023"]
[Site "Dubai UAE"]
[Date "2023.05.27"]
[Round "1.20"]
[White "Mamatov, Melis"]
[Black "Smirin, Ilia"]
[Result "1/2-1/2"]
[WhiteTitle "FM"]
[BlackTitle "GM"]
[WhiteElo "2399"]
[BlackElo "2599"]
[WhiteFideId "13800027"]
[BlackFideId "2801990"]
[EventDate "2023.05.27"]

1. e4 c5 2. Nf3 Nc6 3. Bb5 e6 4. O-O Nge7 5. Re1 Nd4 6. Nxd4 cxd4 7. c3 a6 8.
Bf1 Nc6 9. b4 Be7 10. Bb2 Bf6 11. a4 dxc3 12. dxc3 O-O 13. Nd2 d5 14. Qb3 Ne5
15. c4 Nxc4 16. Bxc4 dxc4 17. Nxc4 Bxb2 18. Qxb2 Bd7 19. Red1 Qe7 20. Nd6 e5 21.
f3 f6 22. Nxb7 Bxa4 23. Qa2+ Kh8 24. Qxa4 Qxb7 25. Rd6 h6 26. h3 Rfd8 27. Rad1
Rxd6 28. Rxd6 Rb8 29. Rxa6 Qxb4 30. Qxb4 Rxb4 1/2-1/2

[Event "23rd Dubai Open 2023"]
[Site "Dubai UAE"]
[Date "2023.05.27"]
[Round "1.21"]
[White "Bernadskiy, Vitaliy"]
[Black "Laddha, Shubh Jayesh"]
[Result "1/2-1/2"]
[WhiteTitle "GM"]
[BlackTitle "FM"]
[WhiteElo "2592"]
[BlackElo "2397"]
[WhiteFideId "14100371"]
[BlackFideId "30942799"]
[EventDate "2023.05.27"]

1. e4 e5 2. Nf3 Nc6 3. Bb5 a6 4. Ba4 Nf6 5. O-O Be7 6. Re1 b5 7. Bb3 O-O 8. c3
d5 9. exd5 Nxd5 10. Nxe5 Nxe5 11. Rxe5 c6 12. d3 Bd6 13. Re1 Bf5 14. Qf3 Qh4 15.
g3 Qh3 16. Be3 Bxd3 17. Nd2 Qf5 18. Rad1 Rfe8 19. Qxf5 Bxf5 20. Bxd5 cxd5 21.
Nb3 Be4 22. Bc5 Bc7 23. Re3 f5 24. f3 f4 25. gxf4 Bc2 26. Rxd5 Bxf4 27. Rxe8+
Rxe8 28. Nd4 Bb1 29. Rd7 h6 30. Bd6 Be3+ 31. Kg2 Bxa2 32. Nf5 g6 33. Rg7+ Kh8
34. Rxg6 Bb1 35. Be7 Rxe7 36. Nxe7 Bxg6 37. Nxg6+ Kg7 38. Ne5 a5 39. Nd3 Kf6 40.
Kf1 Kg5 41. Ke2 Bg1 42. h3 a4 43. Kf1 Be3 44. Kg2 Kf5 45. Kf1 Kg5 46. Ke2 Bg1
47. Ne5 Kf4 48. Nf7 Be3 49. Kd3 Kxf3 50. Ne5+ Kf4 51. Ng4 Bc1 52. Kc2 a3 53.
bxa3 Bxa3 54. Nxh6 Bf8 55. Nf7 Bg7 56. Nd6 Bxc3 57. Kxc3 Kg3 58. Nxb5 Kxh3 1/2-1/2

[Event "23rd Dubai Open 2023"]
[Site "Dubai UAE"]
[Date "2023.05.27"]
[Round "1.25"]
[White "Asadli, Vugar"]
[Black "Uskov, Artem"]
[Result "1-0"]
[WhiteTitle "GM"]
[BlackTitle "IM"]
[WhiteElo "2584"]
[BlackElo "2367"]
[WhiteFideId "13405764"]
[BlackFideId "34254854"]
[EventDate "2023.05.27"]

1. Nf3 d5 2. g3 Nf6 3. Bg2 e6 4. O-O b5 5. d3 Bb7 6. c4 dxc4 7. dxc4 Qxd1 8.
Rxd1 b4 9. Bf4 Na6 10. Nbd2 Bc5 11. Nb3 Bb6 12. Ne5 Bxg2 13. Kxg2 Ne4 14. Nd3
O-O-O 15. Kf3 Nec5 16. Be3 Nxd3 17. exd3 c5 18. Ke2 Kb7 19. a3 bxa3 20. Rxa3 Rc8
21. Ra4 Rhd8 22. Rda1 Nb8 23. Na5+ Kc7 24. Bf4+ Kd7 25. Nb7 Rf8 26. d4 e5 27.
dxe5 Nc6 28. Nd6 Nd4+ 29. Kd3 Ra8 30. Ne4 Ke6 31. Nc3 Rad8 32. Nd5 Nc6 33. Ke4
Rd7 34. Ra6 Rb8 35. g4 h5 36. h3 hxg4 37. hxg4 Rdd8 38. Bg3 Rb7 39. f4 Nb8 40.
f5+ Kd7 41. Nxb6+ axb6 42. Rd1+ Ke8 43. Rxd8+ Kxd8 44. Ra8 Ke7 45. Bh4+ f6 46.
e6 g6 47. g5 gxf5+ 48. Kxf5 Nd7 49. gxf6+ 1-0